| 000 | 00965cam a2200277 a 4500 | ||
|---|---|---|---|
| 001 | 4450936 | ||
| 003 | ARRUPE | ||
| 005 | 20150907124622.0 | ||
| 008 | 950329s1996 enk b 001 0 eng | ||
| 010 | _a 95012473 | ||
| 020 | _a0631184090 (hardbound :alk. paper) | ||
| 020 | _a0631184112 (pbk. : alk. paper) | ||
| 040 |
_aDLC _cDLC _dDLC |
||
| 050 | 0 | 0 |
_aBD221 _b.H36 1996 |
| 082 | 0 | 0 |
_a149 _220 |
| 100 | 1 |
_aHarré, Rom. _914104 |
|
| 245 | 1 | 0 |
_aVarieties of relativism / _cRom Harré & Michael Krausz. |
| 260 |
_aOxford ; _aCambridge, Mass., USA : _bBlackwell, _c1996. |
||
| 300 |
_aviii, 237 p. ; _c23 cm. |
||
| 504 | _aIncludes bibliographical references (p. [225]-231) and indexes. | ||
| 650 | 0 |
_aRelativity. _919379 |
|
| 700 | 1 |
_aKrausz, Michael, _d1942- _919380 |
|
| 906 |
_a7 _bcbc _corignew _d1 _eocip _f19 _gy-gencatlg |
||
| 942 |
_2lcc _cMONOGRAPH |
||
| 999 |
_c123257 _d123257 |
||